American history a survey Vol. II

Includes bibliographical references and index

محفوظ في:
التفاصيل البيبلوغرافية
المؤلف الرئيسي: Brinkley, Alan
التنسيق: كتاب
اللغة:Undetermined
منشور في: Boston McGraw-Hill College 1999
الموضوعات:
الوصول للمادة أونلاين:http://lrc.tdmu.edu.vn/opac/search/detail.asp?aID=2&ID=33241
الوسوم: إضافة وسم
لا توجد وسوم, كن أول من يضع وسما على هذه التسجيلة!
Thư viện lưu trữ: Trung tâm Học liệu Trường Đại học Thủ Dầu Một
LEADER 00734nam a2200241Ia 4500
001 TDMU_33241
008 210410s9999 xx 000 0 und d
082 |a 346.73066 
090 |b BR311 
100 |a Brinkley, Alan 
245 0 |a American history 
245 2 |b a survey 
245 0 |c Alan Brinkley 
245 0 |n Vol. II 
245 0 |p since 1865 
260 |a Boston 
260 |b McGraw-Hill College 
260 |c 1999 
300 |a xvi, 653 p., A-39, I-18 
520 |a Includes bibliographical references and index 
650 |a United States  |x History; Hoa Kỳ  |x Lịch sử 
856 |u http://lrc.tdmu.edu.vn/opac/search/detail.asp?aID=2&ID=33241 
980 |a Trung tâm Học liệu Trường Đại học Thủ Dầu Một